Chilenas rebeldes / (Registro nro. 16345)
[ vista simple ]
| 000 -CABECERA | |
|---|---|
| Campo de control de longitud fija | 01036nam a2200313 a 4500 |
| 003 - IDENTIFICADOR DEL NÚMERO DE CONTROL | |
| Campo de control | CL-SaCFP |
| 005 - FECHA Y HORA DE LA ÚLTIMA TRANSACCIÓN | |
| Campo de control | 20260309093503.0 |
| 008 - CÓDIGOS DE INFORMACIÓN DE LONGITUD FIJA | |
| Campo de control de longitud fija | 180829t20192018amca 000 0dspa |
| 015 ## - NÚMERO DE BIBLIOGRAFÍA NACIONAL | |
| Número de bibliografía nacional | cl-2019-xxxx |
| Fuente | bcl |
| 020 ## - NÚMERO INTERNACIONAL NORMALIZADO PARA LIBROS (ISBN) | |
| Número Internacional Normalizado para Libros (ISBN) | 9789568474904 |
| 040 ## - FUENTE DE LA CATALOGACIÓN | |
| Lengua de catalogación | spa |
| Centro transcriptor | CL |
| 043 ## - CÓDIGO DE ÁREA GEOGRÁFICA | |
| Código de área geográfica | s-cl--- |
| 082 04 - NÚMERO DE LA CLASIFICACIÓN DECIMAL DEWEY | |
| Número de clasificación | 920.72 C971 2019 |
| Número de edición | 21 |
| 100 1# - PUNTO DE ACCESO PRINCIPAL - NOMBRE DE PERSONA | |
| Nombre de persona | Cumplido, María José, |
| Fechas asociadas al nombre | 1988- |
| 245 10 - MENCIÓN DE TÍTULO | |
| Título | Chilenas rebeldes / |
| Mención de responsabilidad etc. | María José Cumplido. |
| 250 ## - MENCIÓN DE EDICIÓN | |
| Mención de edición | Cuarta edición: mayo de 2019. |
| 260 ## - PUBLICATION, DISTRIBUTION, ETC. (IMPRINT) | |
| Lugar de publicación distribución etc. | Santiago de Chile : |
| Nombre del editor distribuidor etc. | Penguin Random House Grupo Editorial, S.A., |
| Fecha de publicación distribución etc. | c2018 |
| Lugar de fabricación | (Santiago, Chile : |
| Fabricante | A Impresores S.A., |
| Fecha de fabricación | 2019) |
| 300 ## - DESCRIPCIÓN FÍSICA | |
| Extensión | 165 páginas : |
| Otras características físicas | ilustraciones en color ; |
| Dimensiones | 24 cm. |
| 490 1# - MENCIÓN DE SERIE | |
| Mención de serie | Montena |
| 650 #7 - PUNTO DE ACCESO ADICIONAL DE MATERIA - TÉRMINO DE MATERIA | |
| Término de materia o nombre geográfico como elemento inicial | Mujeres |
| Subdivisión geográfica | Chile |
| Subdivisión de forma | Biografías |
| 650 #7 - PUNTO DE ACCESO ADICIONAL DE MATERIA - TÉRMINO DE MATERIA | |
| Término de materia o nombre geográfico como elemento inicial | Personajes famosos |
| Subdivisión geográfica | Chile |
| Subdivisión de forma | Biografías |
| 650 #7 - PUNTO DE ACCESO ADICIONAL DE MATERIA - TÉRMINO DE MATERIA | |
| Término de materia o nombre geográfico como elemento inicial | Feminismo |
| Subdivisión de forma | Literatura juvenil |
| 655 #7 - TÉRMINO DE INDIZACIÓN - GÉNERO/FORMA | |
| Datos o término principal de género/forma | Biografías |
| 655 #7 - TÉRMINO DE INDIZACIÓN - GÉNERO/FORMA | |
| Datos o término principal de género/forma | Literatura juvenil |
| 655 #7 - TÉRMINO DE INDIZACIÓN - GÉNERO/FORMA | |
| Datos o término principal de género/forma | Género |
| 830 #0 - PUNTO DE ACCESO ADICIONAL DE SERIE - TÍTULO UNIFORME | |
| Título uniforme | Montena (Penguin Random House Grupo Editorial (Chile)) |
| 942 ## - ENTRADA PARA ELEMENTOS AGREGADOS (KOHA) | |
| Fuente de clasificación o esquema de ordenación en estanterías | Dewey Decimal Classification |
| Koha [por defecto] tipo de item | Libros |
| 949 ## - LOCAL PROCESSING INFORMATION (OCLC) | |
| a | c |
| b | c |
| Suprimido | Estado de pérdida | Fuente de clasificación o esquema de ordenación en estanterías | Estropeado | No para préstamo | Código de colección | Localización permanente | Localización actual | Localización en estanterías | Fecha de adquisición | Fuente de adquisición | Préstamos totales | Signatura completa | Código de barras | Fecha última consulta | Número de ejemplar | Fecha del precio de reemplazo | Tipo de item de Koha |
|---|---|---|---|---|---|---|---|---|---|---|---|---|---|---|---|---|---|
| Dewey Decimal Classification | Colección General | Biblioteca Central | Biblioteca Central | Colección General | 09/03/2026 | DL | 920.72 C971 2019 | 3563000055023 | 09/03/2026 | c.1 | 09/03/2026 | Libros |